[Event "MTV Ingolstadt 1-SK Starnberg 1"]
[Site "?"]
[Date "2025.01.12"]
[Round "5.5"]
[White "Litzka, Matthias"]
[Black "Vollnhals, Michael"]
[Result "1/2-1/2"]
[WhiteElo "2008"]
[BlackElo "2052"]
[Annotator "Stockfish 17"]
[PlyCount "173"]
[EventDate "2025.??.??"]
[WhiteTeam "SK Starnberg 1"]
[BlackTeam "MTV Ingolstadt 1"]

{[%evp 9,173,39,40,40,79,82,78,74,86,39,37,34,32,23,47,6,112,77,125,63,135,70,
75,63,79,64,54,32,56,54,86,47,50,48,103,84,142,112,112,108,175,138,194,174,177,
179,173,161,199,135,230,168,194,143,220,143,218,167,189,194,181,151,175,139,
214,195,191,132,212,196,207,205,250,270,306,285,279,131,148,143,168,157,204,
205,212,198,355,344,347,357,563,192,352,275,536,529,527,512,501,476,488,488,
477,463,533,347,431,370,357,351,326,222,359,350,361,298,339,341,330,327,298,
290,236,30,88,18,30,0,0,0,0,0,0,0,0,0,0,0,0,0,3,32,283,0,0,0,0,0,1,2,3,4,8,28,
30,0,0,0,0,0,0,0,0,0,0,0]} 1. c4 Nf6 2. Nc3 d5 3. e3 (3. cxd5 Nxd5 4. e4 Nxc3
5. bxc3 g6 6. d4 Bg7 7. Bc4 O-O 8. Ne2 c5 9. O-O cxd4 10. cxd4 {Suetin,
A-Sherbakov corr grtm 1992 ist ein typischer Weg}) 3... g6 4. Qa4+ c6 5. cxd5
Nxd5 6. Qd4 Nf6 {[#]} 7. Qxd8+ $1 Kxd8 8. d4 Nbd7 9. Bc4 e6 10. Nf3 b5 11. Bd3
Bb7 12. O-O Bg7 $2 (12... a6 $11 {bleibt in der Remisbreite.}) 13. Bd2 (13. e4
$1 b4 14. Na4 $16) 13... Ke7 {[#]} 14. Rac1 (14. e4 $1 $16) 14... Rhd8 (14...
a6 $14) 15. Ne4 (15. e4 $16) 15... a5 $14 16. Rc2 Nd5 17. a3 f5 18. Nc5 Nxc5
19. Rxc5 Nb6 20. b3 Nd7 21. Rc2 Bh6 22. Rfc1 Kd6 $6 23. Be2 $16 Ke7 24. h3 Kd6
$2 (24... Bf8 $16) 25. Ne1 Bg7 26. Bf3 Rdc8 27. Nd3 Ra6 28. Be1 Raa8 29. g4 (
29. b4 $18) 29... Bf6 (29... e5 $16) 30. Be2 Bh4 31. Rd1 Rd8 (31... Ke7 $16 32.
Rdc1 Kf7) 32. Bf3 Ra6 (32... e5 $16) 33. Bc3 Kc7 34. Rdc1 Be7 35. Bb2 Bd6 36.
Bg2 Ba8 (36... b4 $16) 37. f4 Bb7 38. Kf1 Ba8 (38... b4 $16) 39. g5 Bb7 40. Kf2
Bf8 41. Bf3 $18 Kd6 42. Nc5 Nxc5 43. Rxc5 (43. dxc5+ $1 $18 {ist der präzise
Gewinnweg.} Kd7 44. a4) 43... Kd7 44. R5c2 Kd6 45. h4 Rc8 46. h5 Raa8 47. Rh1
Bg7 $2 (47... Re8 {war nötig.} 48. a4 b4) 48. hxg6 $18 hxg6 49. Rh7 Rg8 (49...
Rc7 {war einen Versuch wert.} 50. Kg3 a4 51. bxa4 Rxa4) 50. Bc1 $2 (50. d5 $1
Bxb2 51. dxc6 {gewinnt klar}) 50... Ke7 $2 (50... Ra7 51. e4 a4) 51. d5 (51.
Bxc6 Rac8 $16) 51... Rac8 $2 (51... exd5 {ist eine bessere Verteidigung.} 52.
Bxd5 cxd5) 52. Bb2 {[%cal Rd5c6] Weiß muß doch gewinnen!} Kf8 53. Rxg7 Rxg7
54. Bxg7+ Kxg7 55. dxc6 {[%mdl 4096] Endspiel KTL-KTL} Ba8 56. Rc5 b4 57. Rxa5
bxa3 58. Rxa3 Bxc6 59. Bxc6 Rxc6 {KT-KT} 60. b4 Rb6 (60... Rc2+ $142 61. Ke1
Kf8) 61. Rb3 Kf7 62. Ke2 e5 63. Kd3 Ke6 64. Kc4 Rc6+ 65. Kb5 Rc1 66. Rd3 $2 (
66. Kb6 $142 $18) 66... e4 $2 (66... Rf1 $11) 67. Rb3 (67. Ra3 $142 $18) 67...
Kd5 $11 68. Rb2 Rc3 69. Rd2+ Rd3 70. Re2 Rc3 71. Re1 Rd3 72. Ka4 {Mit der Idee
b5.} Rc3 $1 73. b5 Kc5 74. Re2 Rc1 75. Ra2 Kb6 $2 {[%mdl 8192]} (75... Rc3 $14)
76. Rb2 $2 (76. Kb4 $18) 76... Rc4+ 77. Rb4 Rc1 78. Rd4 {Schwarz muss nun Td6+
beachten.} Ra1+ 79. Kb4 {Droht Td6+ und aus.} Rb1+ 80. Kc4 Rc1+ 81. Kb4 {
Und Td6+ würde nun gewinnen.} Rb1+ 82. Kc3 {Td6+ ist eine echte Drohung.} (82.
Kc4 {sieht schärfer aus.} Rc1+ 83. Kd5 Kxb5 84. Rd2 Kb4 85. Ke6) 82... Kc5 {
Die Stellung ist ausgeglichen.} 83. Rd8 {zielt auf Tg8 ab.} Rxb5 84. Rg8 Rb6
85. Rc8+ Kd5 86. Rd8+ Kc5 87. Rc8+ 1/2-1/2

[Event "MTV Ingolstadt 1-SK Starnberg 1"]
[Site "?"]
[Date "2025.01.12"]
[Round "5.6"]
[White "Hausmann, Kai"]
[Black "Wehr, Stephan"]
[Result "0-1"]
[WhiteElo "2027"]
[BlackElo "1996"]
[Annotator "Stockfish 17"]
[PlyCount "88"]
[EventDate "2025.??.??"]
[WhiteTeam "MTV Ingolstadt 1"]
[BlackTeam "SK Starnberg 1"]

{[%evp 17,88,9,24,15,22,26,26,31,29,24,27,11,12,10,53,51,100,92,96,36,37,38,35,
26,32,24,128,132,112,124,156,145,152,129,168,148,188,201,197,46,45,49,54,35,36,
34,41,29,35,0,0,0,0,0,0,0,0,0,0,0,-3,-3,0,0,-3,-3,-9,-716,-715,-695,-684,-802,
-800]} 1. d4 Nf6 2. Nf3 b6 3. g3 Bb7 4. Bg2 e6 5. O-O Be7 6. c4 O-O 7. Nc3 Ne4
8. Nxe4 Bxe4 9. Bd2 f5 10. Bc3 Bf6 11. Ne1 Bxg2 12. Nxg2 Qe7 13. Qd3 Nc6 14. e4
fxe4 15. Qxe4 $11 e5 $6 {[%cal Re5d4]} (15... Rae8 $11) 16. d5 Na5 $6 17. Bxa5
bxa5 18. Ne3 Rab8 19. b3 a4 20. Rab1 Qa3 21. bxa4 Qxa4 $2 (21... Rxb1 $11 {
hält das Gleichgewicht.} 22. Qxb1 (22. Rxb1 Qxa2 23. Qc2 Qxc2 $11) 22... Be7)
22. Rxb8 $16 Rxb8 23. Rb1 Rb4 24. Rxb4 Qxb4 25. Qf5 Qe7 26. Qb1 $1 a5 27. Qb5
Bg5 28. Qxa5 $2 {[#]} (28. Nf1 $18) 28... Bxe3 $14 29. fxe3 {[%mdl 4096]
Endspiel KD-KD} Qg5 30. Qd2 Qg4 31. Qd3 h5 32. a4 h4 33. Kg2 h3+ 34. Kf2 e4 35.
Qe2 Qf5+ 36. Kg1 Qe5 37. Qf1 Qc3 38. Kf2 $11 ({Nicht} 38. Qxh3 $2 Qxe3+ 39. Kf1
Qc1+ 40. Ke2 Qxc4+ 41. Ke3 Qd3+ 42. Kf4 Qf3+ 43. Kg5 e3 $19) 38... Qf6+ 39. Kg1
Qc3 40. Kf2 ({Vergiftet wäre} 40. Qxh3 $2 Qxe3+ 41. Kf1 Qc1+ 42. Ke2 Qxc4+ 43.
Ke3 Qd3+ 44. Kf4 Qf3+ 45. Kg5 Qf6+ 46. Kg4 g6 $19) 40... Qf6+ 41. Kg1 {[#]
Dxf6 ist eine echte Drohung.} Qb6 42. Qxh3 $2 {[%mdl 8192]} (42. Qe2 $11) 42...
Qxe3+ $19 {Schwarz steht klar auf Gewinn.} 43. Kf1 Qc1+ 44. Kf2 Qd2+ 0-1

[Event "MTV Ingolstadt 1-SK Starnberg 1"]
[Site "?"]
[Date "2025.01.12"]
[Round "5.7"]
[White "Absmaier, Friedrich"]
[Black "Freundorfer, Josef"]
[Result "0-1"]
[WhiteElo "2014"]
[BlackElo "2014"]
[Annotator "Stockfish 17"]
[PlyCount "32"]
[EventDate "2025.??.??"]
[WhiteTeam "SK Starnberg 1"]
[BlackTeam "MTV Ingolstadt 1"]

{[%evp 11,32,8,14,-4,28,2,-2,-34,-16,-293,-292,-288,-273,-461,-461,-468,-468,
-466,-480,-524,-511,-516,-513]} 1. e4 e5 2. Nc3 Nc6 3. Bc4 Nf6 4. d3 Bc5 5. Nf3
d6 6. h3 h6 7. a4 O-O 8. O-O Be6 9. Bb5 Nd4 10. Be3 $2 {[%mdl 8192]} (10. Bc4
$11 {und Weiss muss sich keine Sorgen machen.}) 10... c6 $1 $19 11. Bc4 {[#]}
d5 $1 12. b4 $2 (12. Nxe5 Qc7 13. exd5 cxd5 14. Nb5 (14. Bxd4 $2 Bxd4 15. Nb5
Qxe5 $19) 14... Nxb5 15. Bxc5) 12... Nxf3+ {Schwarz steht klar auf Gewinn.} ({
Nicht} 12... dxc4 13. bxc5 Nxf3+ 14. Qxf3 $15) 13. Qxf3 {exd5 ist eine echte
Drohung.} Bxe3 14. exd5 cxd5 15. Bxd5 Nxd5 16. Nxd5 Bd4 0-1

[Event "MTV Ingolstadt 1-SK Starnberg 1"]
[Site "?"]
[Date "2025.01.12"]
[Round "5.8"]
[White "Hausmann, Sarah"]
[Black "Pappenheim, Rainer"]
[Result "1/2-1/2"]
[WhiteElo "1872"]
[BlackElo "1963"]
[Annotator "Stockfish 17"]
[PlyCount "55"]
[EventDate "2025.??.??"]
[WhiteTeam "MTV Ingolstadt 1"]
[BlackTeam "SK Starnberg 1"]

{[%evp 9,55,0,8,-10,0,-5,19,-5,-8,-6,5,8,7,3,4,-2,-2,5,20,6,20,10,17,19,19,15,
16,17,18,15,13,13,16,18,17,16,17,17,19,18,21,22,23,20,20,21,23,18]} 1. d4 Nf6
2. Bf4 c5 3. c3 d5 4. e3 Nc6 {[%cal Bb8c6,Bc6e7,Be7f5][%mdl 32]} 5. Nd2 Bf5 6.
Be2 e6 7. Ngf3 Bd6 8. Bg3 O-O 9. Nh4 Ne7 10. Nxf5 Nxf5 11. Bxd6 Qxd6 12. O-O
Rac8 13. Bd3 cxd4 14. cxd4 Ne7 15. Rc1 Rxc1 16. Qxc1 Rc8 17. Qb1 Qc6 18. Nb3 b6
19. Rc1 Qd7 20. Rxc8+ Nxc8 21. Qc2 Nd6 22. Nd2 g6 23. Nf3 a5 24. Ne5 Qc8 25.
Qxc8+ Nxc8 26. Kf1 Kf8 27. Ke2 Nd6 28. h3 1/2-1/2

[Event "SK Starnberg 1-TV Tegernsee 1"]
[Site "?"]
[Date "2025.02.02"]
[Round "6.1"]
[White "Manakov, Ilya"]
[Black "Steinmueller, Stephan"]
[Result "1-0"]
[WhiteElo "2297"]
[BlackElo "2112"]
[Annotator "Stockfish 17"]
[PlyCount "81"]
[EventDate "2025.??.??"]
[WhiteTeam "TV Tegernsee 1"]
[BlackTeam "SK Starnberg 1"]

{[%evp 10,81,66,56,78,45,45,45,75,79,85,54,59,54,55,56,56,56,51,52,62,34,27,19,
32,32,36,10,34,31,34,30,27,25,19,5,40,36,59,64,64,60,138,81,77,100,137,138,140,
144,297,287,325,269,361,374,501,487,488,462,463,429,551,546,583,578,555,523,
552,527,565,534,565,541]} 1. d4 f5 2. Bg5 g6 3. Nc3 Bg7 4. e3 c6 5. Bd3 d5 6.
h4 Qb6 7. Rb1 (7. Nf3 Qxb2 8. Ne2 Qa3 9. O-O {ist auch möglich}) 7... Nd7 8.
Nf3 Ngf6 9. h5 Nxh5 {[#]} 10. Rxh5 $1 (10. Bxf5 $14 {ist natürlich einfach})
10... gxh5 11. Nh4 Nf6 12. Bxf6 Bxf6 13. Qxh5+ Kd8 14. Nxf5 Bxf5 15. Bxf5 $44
Qb4 16. Qh2 Qd6 (16... h5 17. a3 Qd6 18. Qxd6+ exd6 $13 {mit beiderseitigen
Möglichkeiten}) 17. Qxd6+ exd6 18. Ke2 Ke7 19. Rh1 {[%mdl 1024]} h5 20. g3 b5
21. Kd3 Rag8 22. Ne2 Rg5 23. Bh3 a5 24. Nf4 h4 25. g4 c5 $6 (25... Rhg8 $14) (
25... Rg7 26. a3 Kf7 27. c3 {ist etwas aussichtsreicher für Weiß}) 26. c3 b4
27. Ne2 Rb8 {[#]} 28. f4 $1 {[%cal Rf4g5] +1.50 Weiß steht deutlich besser}
Rgg8 29. g5 Bh8 $2 (29... Bxg5 $16 {ist wohl besser.} 30. fxg5 Rxg5 31. c4 {
mit klar besseren Aussichten für Weiß}) 30. Bg2 $18 bxc3 31. Nxc3 Rxb2 {
[%csl Gd5][%cal Rc5c4]} 32. Bxd5 Rc8 33. Rxh4 {Schwarz muss nun Th7+ beachten.
Weiß steht klar auf Gewinn.} Bg7 34. f5 cxd4 35. exd4 Rf2 36. f6+ Bxf6 37.
gxf6+ Rxf6 38. Bb7 Rxc3+ (38... Rb8 39. Nd5+ Ke6 40. Re4+ Kf7 41. Nxf6 $18 {
ist auch klar gewonnen}) 39. Kxc3 Rf2 40. Bd5 Rf5 41. Rh7+ 1-0

[Event "SK Starnberg 1-TV Tegernsee 1"]
[Site "?"]
[Date "2025.02.02"]
[Round "6.2"]
[White "Gschwendtner, Klaus"]
[Black "Shen, Tingrui"]
[Result "1/2-1/2"]
[WhiteElo "2015"]
[BlackElo "2123"]
[Annotator "Stockfish 17"]
[PlyCount "90"]
[EventDate "2025.??.??"]
[WhiteTeam "SK Starnberg 1"]
[BlackTeam "TV Tegernsee 1"]

{[%evp 12,90,19,5,14,-33,12,0,41,40,63,61,70,56,55,-7,45,30,70,28,187,182,273,
246,260,237,254,263,321,343,327,292,322,273,264,273,262,266,250,252,256,12,12,
11,13,20,21,0,0,0,0,0,0,-7,-6,-12,-12,-29,9,0,0,0,0,-27,0,0,0,0,0,0,0,0,0,0,0,
-6,0,-6,0,-3,-1]} 1. e4 c5 2. Nf3 g6 3. Nc3 Bg7 4. g3 Nc6 5. Bg2 e6 6. O-O Nge7
7. Re1 d5 8. d3 O-O (8... d4 $5 {[%cal Rd4c3]} 9. Nb5 e5 $15) 9. e5 Rb8 10. Bf4
h6 11. h4 b5 12. Qd2 Kh7 13. g4 Ba6 14. Ne2 {[%cal Bc3e2,Be2g3,Bg3e4,Be4f6]
[%mdl 32]} Qa5 15. Qc1 d4 $2 {[#]} (15... b4 $11 {und Schwarz ist OK.}) 16. Ng3
$18 c4 (16... Bb7 $142) 17. Ne4 Nd5 18. Nf6+ Bxf6 19. exf6 Nxf4 20. Qxf4 {
mit Gewinnstellung} Rbc8 21. h5 (21. Nxd4 Nxd4 22. Qxd4 cxd3 $16) 21... Qc7 22.
hxg6+ (22. Qe4 e5 23. g5 Bb7 24. Nh4 Rg8 25. hxg6+ fxg6 26. Qg4 Kh8 (26... h5
27. Qh3 Kh8 28. Be4 $18) 27. Be4 Qh7 28. Nf3 $18) 22... fxg6 23. Qxc7+ Rxc7 24.
Rxe6 $18 {auch nach dem Damentausch steht Weiß viel beser} Bc8 25. Rd6 Bxg4
26. Ng5+ $2 {vergibt den Sieg} (26. Nh2 $1 Bd7 27. Re1 cxd3 28. cxd3 Rfc8 29.
Bxc6 Bxc6 30. Re7+ $18) 26... hxg5 $11 27. Bxc6 cxd3 28. cxd3 Rcf7 $1 29. Bxb5
Rxf6 30. Rxf6 Rxf6 {[%mdl 4096] Endspiel KTL-KTL} 31. Re1 Bf3 32. Re7+ Kh6 33.
Bc4 ({Doch nicht} 33. Rxa7 Rf4 $17) 33... Rf4 {[#] ( -> ...Th4)} 34. Rf7 (34.
Rxa7 {wird mattgesetzt.} Rh4 35. Rh7+ Kxh7 36. Bg8+ Kxg8 37. Kf1 Rh1#) 34... a5
35. Kh2 Be2 36. Rxf4 gxf4 {KL-KL} 37. b3 Bf3 38. a3 $11 Bb7 39. b4 axb4 40.
axb4 Kg5 41. Kh3 Bc8+ 42. Kg2 Bb7+ 43. f3 Kf6 44. Bb5 Ke7 45. Bc4 Kf6 1/2-1/2

[Event "SK Starnberg 1-TV Tegernsee 1"]
[Site "?"]
[Date "2025.02.02"]
[Round "6.3"]
[White "Thiel, Fabian"]
[Black "Szalewa, Sven"]
[Result "1-0"]
[WhiteElo "2154"]
[BlackElo "2061"]
[Annotator "Stockfish 17"]
[PlyCount "63"]
[EventDate "2025.??.??"]
[WhiteTeam "TV Tegernsee 1"]
[BlackTeam "SK Starnberg 1"]

{[%evp 21,63,-23,-14,-23,23,16,36,40,44,36,191,199,215,196,221,240,310,310,310,
306,340,303,316,285,330,332,409,318,473,476,473,474,501,465,531,475,477,430,
564,564,573,555,581,603]} 1. Nf3 d5 2. g3 Nf6 3. Bg2 c6 4. O-O Bf5 5. d3 h6 6.
b3 e6 7. Bb2 Be7 8. c4 O-O 9. Nbd2 Nbd7 10. a3 a5 11. Ra2 Bh7 12. Qa1 Ne8 13.
Rc1 Bf6 14. b4 Bxb2 15. Qxb2 Qf6 $2 (15... a4 $142 $14 16. e4 Qf6) 16. bxa5 $1
$18 {[%mdl 64] [#] Abzugsangriff} Qxb2 17. Rxb2 Rxa5 18. Rxb7 Nc5 19. Rb6 {
mit Gewinnstellung} Ra6 20. Rxa6 Nxa6 21. Ne5 Nb8 22. Nb3 f6 23. Nf3 Nd6 24.
Nfd4 Re8 25. cxd5 {Weiß steht klar auf Gewinn.} exd5 (25... cxd5 26. Nxe6 $18
{gewinnt ebenso}) 26. Nxc6 Kf8 27. Bxd5 Nd7 28. Bf3 Bg8 29. Nc5 Nb6 30. Rb1
Ndc8 31. e4 Bf7 32. a4 1-0

[Event "SK Starnberg 1-TV Tegernsee 1"]
[Site "?"]
[Date "2025.02.02"]
[Round "6.4"]
[White "Ponater, Michael"]
[Black "Walter, Thomas"]
[Result "1/2-1/2"]
[WhiteElo "2034"]
[BlackElo "2128"]
[Annotator "Stockfish 17"]
[PlyCount "78"]
[EventDate "2025.??.??"]
[WhiteTeam "SK Starnberg 1"]
[BlackTeam "TV Tegernsee 1"]

{[%evp 21,78,17,16,8,3,-8,6,-16,-9,-12,-6,-49,-49,-52,-46,-48,-48,-48,-33,-43,
38,-15,0,-6,6,4,16,14,18,12,15,-7,-7,-31,-34,-262,-44,-47,-49,-62,-56,-134,
-134,-166,-66,-86,-2,-12,-6,-11,0,-2,0,-1,2,2,6,7,9]} 1. e4 c5 2. Nc3 Nc6 3.
Nf3 g6 4. d4 cxd4 5. Nxd4 Bg7 6. Be3 Nf6 7. Bc4 O-O 8. O-O d6 9. h3 Bd7 10. Re1
Rc8 11. Bb3 Na5 12. Qd3 a6 13. a4 Qc7 14. Rad1 Rfd8 15. Bg5 Qc5 16. Bxf6 $6 (
16. Be3 Qc7 17. Nf3 $11) 16... Bxf6 17. Nd5 Bxd4 18. Qxd4 Qxd4 19. Rxd4 Nxb3
20. cxb3 Rc2 (20... Kf8 $15) 21. Rb4 (21. Nxe7+ Kf8 22. Nd5 $11 {war sehr
naheliegend}) 21... b5 22. axb5 axb5 23. Nxe7+ $11 Kf8 24. Nd5 Rxb2 25. Rc1 Rb8
26. Rc7 Be6 27. Nf6 Kg7 28. Nd7 $4 {[#]} ({Weiss braucht} 28. Nd5 $15) 28...
Rd8 $2 ({Besser ist} 28... Ra8 $1 $19 {Droht ...Taa2 und aus.} 29. Nb6 Ra1+ 30.
Kh2 Rxf2) 29. Nb6 $15 Rxb3 30. Rd4 Rb2 31. e5 $2 ({Lieber} 31. Rb7 $15) 31...
d5 $17 32. Rc5 Rb8 $2 (32... Rb1+ $19 33. Kh2 g5) 33. Nxd5 $15 Bxd5 (33... b4
$17 {Droht stark ...b3.} 34. Nf4 Bf5) 34. Rdxd5 {[%mdl 4096] Endspiel KTT-KTT.
Die Stellung ist ausgeglichen.} Rb7 35. g4 Kh6 36. Kg2 b4 {Schwarz will ...Ta2
spielen.} 37. Rb5 Ra7 38. Rd4 b3 39. Rd3 Re7 1/2-1/2

[Event "SK Starnberg 1-TV Tegernsee 1"]
[Site "?"]
[Date "2025.02.02"]
[Round "6.5"]
[White "Lettl, Gerhard"]
[Black "Flemming, Achim"]
[Result "1/2-1/2"]
[WhiteElo "1941"]
[BlackElo "2012"]
[Annotator "Stockfish 17"]
[PlyCount "33"]
[EventDate "2025.??.??"]
[WhiteTeam "TV Tegernsee 1"]
[BlackTeam "SK Starnberg 1"]

{[%evp 22,33,-1,-2,6,0,4,-9,-8,-4,-7,-10,0,-20]} 1. e4 e6 2. d4 d5 3. Nd2 dxe4
4. Nxe4 Nd7 5. Bd3 Ngf6 6. Qe2 Be7 7. Nf3 {[#]} b6 $2 {ist lt. Stockfish ein
dicker Fehler und das wird auch deutlich aufgezeigt} 8. O-O (8. Neg5 Bb4+ (8...
O-O 9. Nxh7 Nxh7 10. Bxh7+ Kxh7 11. Qe4+ {wieder eine Gabel}) 9. c3 Bd6 10.
Nxh7 Nxh7 11. Bxh7 Bb7 (11... Rxh7 12. Qe4 {Gabel +-}) 12. Be4) 8... Bb7 9. Bg5
O-O 10. Nxf6+ Bxf6 11. Bxf6 Nxf6 12. c3 Qd5 13. Rfe1 c5 14. dxc5 Qxc5 15. Rad1
Rad8 16. Ne5 Rd6 17. Bc4 1/2-1/2

[Event "SK Starnberg 1-TV Tegernsee 1"]
[Site "?"]
[Date "2025.02.02"]
[Round "6.6"]
[White "Litzka, Matthias"]
[Black "Dietlmeier, Tobias"]
[Result "1-0"]
[WhiteElo "2008"]
[BlackElo "1954"]
[Annotator "Stockfish 17"]
[PlyCount "107"]
[EventDate "2025.??.??"]
[WhiteTeam "SK Starnberg 1"]
[BlackTeam "TV Tegernsee 1"]

{[%evp 9,107,3,19,-70,-9,-78,13,-2,23,24,27,31,33,7,8,7,13,-43,-11,-21,-16,-42,
-39,-34,-12,-46,-44,-44,-30,-37,-32,-34,9,-39,-12,-11,18,3,30,18,66,0,0,1,0,
-182,-196,-223,-70,-65,-69,-61,-4,-61,-30,-44,-13,-22,21,12,82,54,163,156,238,
229,219,200,262,141,126,126,142,133,259,287,414,408,404,404,417,408,462,470,
536,520,543,539,562,551,658,651,638,630,655,626,1391,29983,1190,1206]} 1. c4 e5
2. Nc3 Bb4 3. Qb3 (3. Nd5 Be7 4. d4 (4. Nf3 d6 5. d4 e4 {Seirawan,Y-Shirov,A
Biel izt 1993}) 4... d6 5. e4 c6 6. Nxe7 Qxe7 7. Ne2 {Kasparov,G-Shirov,A
Novgorod 1994}) 3... Nc6 4. e3 Nf6 5. Nge2 O-O 6. d3 $6 (6. a3 $11 Ba5 7. Qc2)
6... Ba5 $6 (6... d5 $15 7. a3 Bxc3+ 8. Nxc3 d4) 7. Ng3 $6 (7. Bd2 $11) 7...
Re8 (7... d5 $17 {Und weiter mit ...d4 wäre nett.} 8. cxd5 Nxd5) 8. Be2 Bxc3+
9. Qxc3 d5 10. O-O d4 11. Qc2 a5 12. a3 a4 13. e4 h6 14. Bd2 Nd7 15. Bg4 Nc5
16. Bxc8 Qxc8 17. Nf5 Nb3 18. Rad1 Ne7 19. Nxe7+ Rxe7 20. f4 Ra6 21. Be1 $6
exf4 22. Rxf4 $11 {nach etwas skurriler Eröffnungsbehandlung} Rg6 23. Bg3 Re5
24. Rdf1 f6 25. R4f2 Reg5 $11 26. Bf4 Rc5 27. Kh1 $2 (27. Qe2 $11) 27... b5 $1
$19 28. Bd2 Nxd2 (28... bxc4 $19 29. Qb1 (29. dxc4 Qe6 $19) 29... Qe6 30. dxc4
Kh7 $19) 29. Qxd2 $15 bxc4 30. Qb4 $1 {[%cal Rb4c5]} Qf8 31. dxc4 Qd6 32. Qxa4
Rh5 $11 {[%csl Gh5][%cal Rd6h2] [#]} 33. Rf4 Kh7 34. Qd1 Qe5 (34... Rhg5 $11
35. g3 Qe6) 35. Qf3 Rgg5 $2 ({Besser ist} 35... Rhg5 $14 36. Rf2 c5) 36. b4 $18
f5 (36... Qe6 $16) 37. exf5 Rxf5 38. g3 {[%cal Rf4f5]} (38. Kg1 $1) 38... g6
39. g4 (39. a4 $18) 39... Rh3 $16 {[#]} 40. Qf2 ({Doch nicht} 40. gxf5 $6 Rxf3
41. R4xf3 gxf5 $11) 40... Rxf4 41. Qxf4 Qxf4 (41... Qg7 $16) 42. Rxf4 $18 {
[%mdl 4096] Endspiel KT-KT} Rd3 43. Rf7+ $18 {[%mdl 64] Doppelangriff} Kg8 44.
Rxc7 Rxa3 45. Kg2 d3 46. Kf3 ({Weniger gut wäre} 46. Rd7 Ra4 $16) 46... d2+
47. Ke2 Rd3 48. Kd1 Kf8 49. b5 {[%cal Bb4b5,Bb5b6][%mdl 32]} Ke8 50. b6 Kd8 51.
c5 h5 52. c6 Rd6 53. g5 h4 54. h3 1-0

[Event "SK Starnberg 1-TV Tegernsee 1"]
[Site "?"]
[Date "2025.02.02"]
[Round "6.7"]
[White "Stoib, Marinus"]
[Black "Wehr, Stephan"]
[Result "0-1"]
[WhiteElo "1912"]
[BlackElo "1996"]
[Annotator "Stockfish 17"]
[PlyCount "104"]
[EventDate "2025.??.??"]
[WhiteTeam "TV Tegernsee 1"]
[BlackTeam "SK Starnberg 1"]

{[%evp 15,104,11,15,14,21,15,20,12,23,3,5,5,28,10,25,1,2,-8,18,-72,-33,-39,-50,
-110,-96,-100,-97,-108,-108,-102,-92,-92,-63,-65,-64,-70,-64,-73,-55,-60,-51,
-74,-79,-72,-3,-8,0,-21,-2,-10,-1,-1,-2,-24,-17,-16,-18,-46,-43,-478,-461,-445,
-404,-473,-425,-513,-480,-645,-588,-779,-706,-863,-846,-953,-944,-29983,-29984,
-29983,-29983,-29982,-29985,-1397,-29986,-29989,-29990,-29989,-29990,-29989,
-29989,-29995,-29996]} 1. Nf3 Nf6 2. g3 b6 3. Bg2 Bb7 4. O-O e6 5. d3 c5 6. e4
d6 7. Nbd2 Be7 8. Re1 O-O 9. Nf1 Nbd7 10. b3 b5 11. Ne3 {Die Stellung ist
ausgeglichen.} Nb6 12. c4 bxc4 13. bxc4 Qc7 14. Bb2 Bc6 15. Rb1 Rab8 16. Ba1
Nfd7 17. g4 $6 (17. Ng4 $11 {bleibt in der Remisbreite.}) 17... Bf6 18. Bxf6
Nxf6 19. g5 $6 $17 Nh5 20. Ne5 Nf4 21. Nxc6 Qxc6 22. e5 Nxg2 (22... Qc7 $5) 23.
Nxg2 dxe5 24. Rxe5 Nd7 25. Re1 Rxb1 26. Qxb1 Rb8 27. Qc2 Rb6 $15 28. Rb1 Qf3
29. Rxb6 Nxb6 (29... axb6 $142 $17 30. Qd2 Ne5) 30. Qd2 $11 Qg4 31. f4 Qf5 32.
Qe3 Nd7 33. Kf2 e5 34. Qe4 Qxe4 35. dxe4 {[%mdl 4096] Endspiel KS-KS ein sehr
gleichstehendes Endspiel} Nb6 36. fxe5 Nxc4 37. Ne3 $2 {[%mdl 8192] der
Übergang ins Bauernendspiel ist völlig verfehlt [#]} (37. e6 $1 $15 fxe6 38.
Nf4 e5 39. Ne6 $11) 37... Nxe3 $1 $19 38. Kxe3 {KB-KB} Kf8 39. Kd3 Ke7 40. Kc4
Ke6 41. Kxc5 Kxe5 42. a4 Kxe4 43. a5 f5 {[#] Droht stark ...f4.} 44. gxf6 gxf6
{K3B-KBB} 45. a6 f5 46. Kc6 f4 47. Kb7 f3 {der schwarze Bauer ist viel
schneller} 48. Kxa7 f2 49. Kb7 {Schwarz setzt Matt.} f1=Q 50. a7 Qb5+ 51. Kc7
Qa6 52. Kb8 Qb6+ 0-1

[Event "SK Starnberg 1-TV Tegernsee 1"]
[Site "?"]
[Date "2025.02.02"]
[Round "6.8"]
[White "Absmaier, Friedrich"]
[Black "Rassl, Bernhard"]
[Result "1/2-1/2"]
[WhiteElo "2014"]
[BlackElo "1915"]
[Annotator "Stockfish 17"]
[PlyCount "40"]
[EventDate "2025.??.??"]
[WhiteTeam "SK Starnberg 1"]
[BlackTeam "TV Tegernsee 1"]

{[%evp 11,40,65,76,48,68,42,52,9,7,-42,-45,-45,-47,-39,-36,-37,-37,-43,13,15,
23,33,34,33,162,62,83,78,179,124,179]} 1. e4 Nf6 2. e5 Nd5 3. d4 d6 4. c4 Nb6
5. f4 g6 (5... dxe5 6. fxe5 Nc6 {das Zentrum attackieren ist naheliegend} 7.
Be3 Bf5 8. Nc3) 6. Nc3 Bg7 7. Nf3 O-O 8. Be3 Be6 9. b3 c5 10. dxc5 N6d7 {
[%cal Rd6e5]} 11. cxd6 exd6 12. Qd2 (12. Qxd6 Nxe5 13. Qxd8 Nxf3+ 14. gxf3 Rxd8
{Gipslis,A-Li Wenliang WchT Luzern 1993}) 12... dxe5 13. Rd1 exf4 14. Bxf4 Re8
15. Be2 $36 {[%mdl 2048]} Bg4 16. Nd5 Bxf3 17. gxf3 Ne5 $2 (17... Nc6 $14) 18.
Kf2 (18. O-O $18) 18... Nbc6 19. h4 f6 $2 (19... h5 $16 {war nötig.}) 20. Be3
(20. h5 $1) 20... Rc8 $2 (20... Rc8 21. h5 $1 $18) 1/2-1/2

[Event "SC Groebenzell 2-SK Neuburg 1"]
[Site "?"]
[Date "2025.02.02"]
[Round "6.1"]
[White "Sailer, Wolfgang"]
[Black "Schmidt, Anton"]
[Result "1/2-1/2"]
[WhiteElo "2077"]
[BlackElo "2060"]
[Annotator "Stockfish 17"]
[PlyCount "35"]
[EventDate "2025.??.??"]
[WhiteTeam "SK Neuburg 1"]
[BlackTeam "SC Gröbenzell 2"]

{[%evp 0,35,61,28,30,-4,-10,-11,21,13,40,41,15,-17,18,13,24,26,20,20,26,22,40,
34,35,36,36,-12,-12,22,26,26,26,26,67,87,87,63]} 1. d4 d5 2. c4 e6 3. Nc3 c5 4.
cxd5 exd5 5. Nf3 Nc6 6. g3 Nf6 7. Bg2 Be7 8. O-O O-O 9. Bg5 c4 10. Ne5 Be6 11.
f4 h6 12. Bxf6 Bxf6 13. f5 Bxe5 (13... Bc8 $142 $11) 14. dxe5 Qb6+ 15. e3 (15.
Kh1 Bd7 $14) 15... Qxb2 16. fxe6 Qxc3 17. exf7+ Kh8 18. Qxd5 $11 1/2-1/2